000
00236nam a2200085Ia 4500
245
0
_a
All you want to know about cricket
100
_a
Middlebrook, Ralph Elgin, IL, 2009
942
_c
BK
008
210817s9999 xx 000 0 und d
999
_c
262588
_d
262587